000 00694cam a2200241 4500500
005 20260405001455.0
041 _afre
042 _adc
100 1 0 _aGrandsard, Catherine
_eauthor
245 0 0 _aEnfances en errance
260 _c2013.
500 _a74
690 _aAdolescence
690 _aCatherine Grandsard
690 _aethnopsychiatrie
690 _aIdentité
690 _aMigrants mineurs isolés
690 _aMigrations
690 _aParis
690 _aTobie Nathan
786 0 _nPhilosophie magazine | 68 | 4 | 2013-04-01 | p. 20-23 | 1951-1787
856 4 1 _uhttps://shs.cairn.info/magazine-philosophie-magazine-2013-4-page-20?lang=fr&redirect-ssocas=7080
999 _c2048044
_d2048044